| 000 | 00581nam a2200205Ia 4500 | ||
|---|---|---|---|
| 003 | GCL | ||
| 008 | 140319s9999 xx 000 0 ara d | ||
| 040 |
_aGCL / _cGCL |
||
| 082 | 0 | 4 |
_a920.7 _bس ع |
| 100 | 1 | _aسعيد زايد | |
| 245 | 1 | 0 |
_aعلى مبارك واعماله / _cسعيد زايد |
| 300 | _a160 ص | ||
| 490 |
_aالالف كتاب _v0 |
||
| 650 | 0 | 4 | _aالتعليم |
| 650 | 0 | 4 | _aعلى مبارك |
| 650 | 0 | 4 | _aالخديوى توفيق (1879 - 1892) |
| 650 | 0 | 4 | _aالخديوى اسماعيل |
| 650 | 0 | 4 | _aالتعلم الذاتى |
| 942 |
_2ddc _cBK |
||
| 999 |
_c42935 _d42935 |
||